India social development report 2012 : (Record no. 81318)

MARC details
000 -LEADER
fixed length control field 00741nam a22002177a 4500
005 - DATE AND TIME OF LATEST TRANSACTION
control field 20140109145715.0
010 ## - LCCN (DPL NO)
LC control number ENG-108971
020 ## - INTERNATIONAL STANDARD BOOK NUMBER
International Standard Book Number 9780198095941
Terms of availability 795.00
020 ## - INTERNATIONAL STANDARD BOOK NUMBER
International Standard Book Number 0198095945
Terms of availability 795.00
035 ## - SYSTEM CONTROL NUMBER
System control number EN-92504
037 ## - SOURCE OF ACQUISITION
Source of stock number/acquisition DBAD/PUB
082 ## - DEWEY DECIMAL CLASSIFICATION NUMBER
Classification number 305.60954
245 ## - TITLE STATEMENT
Title India social development report 2012 :
Statement of responsibility, etc edited by Zoya Hasan [and] Mushirul Hasan
Remainder of title minorities at the margins /
260 ## - PUBLICATION, DISTRIBUTION, ETC. (IMPRINT)
Place of publication, distribution, etc New Delhi
Name of publisher, distributor, etc Oxford University Press
Date of publication, distribution, etc 2013
270 ## - ADDRESS
Address YMCA Library Building, 1 Jai Singh Road
City New Delhi
Postal code 110001
300 ## - PHYSICAL DESCRIPTION
Extent xx,298p. :
Dimensions 28cm(pbk)
Other physical details ill.,maps
500 ## - GENERAL NOTE
General note Includes bibliographical references
700 ## - ADDED ENTRY--PERSONAL NAME
Personal name Zoya Hasan
700 ## - ADDED ENTRY--PERSONAL NAME
Personal name Mushirul Hasan
942 ## - ADDED ENTRY ELEMENTS (KOHA)
Source of classification or shelving scheme Dewey Decimal Classification
Item type English Books
Call number suffix IND
Classification part 305.60954
Holdings
Withdrawn status Lost status Not for loan Collection code Home library Current library Date acquired Source of acquisition Cost, normal purchase price Full call number Barcode Copy number Cost, replacement price Koha item type
    Not For Loan Non-fiction D.B.Act.Division D.B.Act.Division 19/12/2013 DBAD/PUB 795.00 305.60954 IND EN-92504 1 795.00 English Books

© Delhi Public Library
Hit Counter
free hit counter